| 000 | 00668nam a22001937a 4500 | ||
|---|---|---|---|
| 008 | 110407s2007 nyu|||||r|||| 001 0 eng d | ||
| 020 | _a0335208975 | ||
| 020 | _a9780335208975 | ||
| 082 |
_a321.001 _bDEA |
||
| 100 |
_922921 _aDean, Mitchell |
||
| 245 |
_aGoverning Societies : _bPolitical Perspectives on Domestic and International Rule / _cMitchell Dean |
||
| 260 |
_aNew York : _b Open University Press, 2007. _c2007 |
||
| 300 |
_axii, 228 p. ; _c 23 cm. |
||
| 490 |
_922922 _aIssues in Society |
||
| 504 | _aIncludes bibliographical references p.210-220 and index | ||
| 650 |
_9684 _aPolitical Science _vPhilosophy |
||
| 653 |
_bPol _cApril2011 |
||
| 942 |
_2ddc _cBB |
||
| 999 |
_c15077 _d15077 |
||